Montaña adentro

Zapisane w:
Opis bibliograficzny
1. autor: Brunet, Marta (Autor)
Format: Książka
Język:hiszpański
Wydane: Santiago Andrés Bello 1997
Wydanie:6a. ed
Hasła przedmiotowe:
Etykiety: Dodaj etykietę
Nie ma etykietki, Dołącz pierwszą etykiete!

MARC

LEADER 00000nam a2200000 a 4500
001 UCH6662
003 CL-VaPUC
008 091109e19970000CL |||||||||||||||||spa|d
020 |a 9561305313 
082 0 4 |a Ch863  |b BRU  |2 21 
100 0 |a Brunet, Marta  |e author  |9 352823 
245 1 0 |a Montaña adentro  
250 |a 6a. ed 
300 |a 155 p 
942 |c BK 
945 |d 20091109 00:00:00  |a lazolas 
260 |a Santiago  |b Andrés Bello  |c 1997 
650 0 |a Novelas chilenas   |9 265425 
650 0 |a Cuentos chilenos   |9 308280 
650 0 |a Literatura chilena   |9 308278 
583 |a last modification  |c 20091109 00:00:00  |k Rodrigo Vera 
999 |c 337511  |d 337509